Manual de manejo apícola / (Registro nro. 6841)

Detalles MARC
000 -CABECERA
Campo de control 01048nam a2200241 a 4500
005 - FECHA Y HORA DE LA ULTIMA TRANSACCION
Campo de control 20200104041612.0
008 - ELEMENTOS DE LONGITUD FIJA—INFORMACION GENERAL
Campo de control 150305s2005 ec ||||| |||| 00| 0 spa d
040 ## - FUENTE DE CATALOGACIÓN
Agencia catalogadora original CO-BoIAVH
Agencia transcriptora CO-BoIAVH
041 0# - IDIOMA
Código de idioma para texto/pista de sonido o título separado Español
044 ## - PAÍS DE PUBLICACIÓN
País de publicación Ecuador
082 04 - NUMERO DE CLASIFICACION DECIMAL DEWEY
Número de clasificación 638.1
Número del ítem B24m
100 1# - ASIENTO PRINCIPAL--NOMBRE PERSONAL
Nombre personal Bárcenas torres, Edinson E.
9 (RLIN) 33312
245 10 - MENCION DE TITULO
Título Manual de manejo apícola /
Mención de responsabilidad Recopilación de información: Edinson Bárcenas y Oscar Ordoñez.
260 ## - PUBLICACION, DISTRIBUCION, ETC. (PIE DE IMPRENTA)
Lugar de publicación, distribución, etc. Loja :
Nombre del editor, distribuidor, etc. Fundación Ecológica Arcoiris,
Fecha de publicación, distribución, etc. 2005.
300 ## - DESCRIPCION FISICA
Extensión 58 páginas :
Otros detalles físicos ilustraciones y fotografías ;
Dimensiones 21 cm.
504 ## - NOTA DE BIBLIOGRAFIA, ETC.
Nota de bibliografía Incluye bibliografía en la contracubierta.
505 ## - NOTA DE CONTENIDO
Nota de contenido Las abejas. -- Comportamiento natural de las abejas. -- Apicultura. -- La cosecha de miel. -- Producción de reinas y jalea. -- Valor nutricional de los productos apícolas. -- Plagas y enfermedades.<br/>Construcción de cajas apícolas.
650 14 - ASIENTO SECUNDARIO DE MATERIA - TERMINO TEMATICO
Término temático o nombre geográfico como elemento de entrada Apicultura
9 (RLIN) 206
650 24 - ASIENTO SECUNDARIO DE MATERIA - TERMINO TEMATICO
Término temático o nombre geográfico como elemento de entrada Abejas
Subdivisión general Agricultura
9 (RLIN) 60520
650 24 - ASIENTO SECUNDARIO DE MATERIA - TERMINO TEMATICO
Término temático o nombre geográfico como elemento de entrada Abejas
Subdivisión general Apicultura
9 (RLIN) 60521
700 1# - ASIENTO SECUNDARIO - NOMBRE PERSONAL
Nombre personal Bárcenas Torres, Edinson,
Término de relación autor.
9 (RLIN) 33316
942 ## - ELEMENTOS ADICIONALES (KOHA)
Tipo de ítem Libro
Sistema de clasificación Dewey Decimal Classification
Existencias
Withdrawn status Lost status Sistema de Clasificación Damaged status No para préstamo Colección Inventariado Ubicación Permanente Ubicación actual Fecha de adquisición Fuente de Valor Valor Total Checkouts Número topográfico Inventario / Código de Barras Date last seen Ejemplar Price effective from Forma de adquisición Tipo de material Date checked out
    Dewey Decimal Classification     General Inventariado 2017 Bogotá Bogotá 05/03/2015 Instituto 15000.00 1 LB-638.1 B24m 038847 13/05/2019 Ej. 2 05/03/2015   Libro 13/05/2019
    Dewey Decimal Classification     General Inventariado 2017 Sala Fabio Quevedo Sala Fabio Quevedo 28/05/2009 Instituto 15000.00   LB-638.1 B24m 027030 04/12/2012 Ej. 1 04/12/2012   Libro